Bolivia y la Integración Andina

Tallennettuna:
Bibliografiset tiedot
Päätekijä: Camacho Omiste, Edgar
Aineistotyyppi: Tuntematon
Julkaistu: Cochabanba: Los Amigos de Libro
Painos:2
Tagit: Lisää tagi
Ei tageja, Lisää ensimmäinen tagi!

MARC

LEADER 00000 a2200000 04500
001 25327
003
008 991231s d
040
090 |a 181100  
100 |a Camacho Omiste, Edgar  
245 |a Bolivia y la Integración Andina  
250 |a 2  
260 |a Cochabanba:   |b Los Amigos de Libro  
999 |c 13116  |d 13116